<?xml version="1.0" encoding="UTF-8"?><?xml-stylesheet type="text/xsl" href="static/style.xsl"?><OAI-PMH xmlns="http://www.openarchives.org/OAI/2.0/" xmlns:xsi="http://www.w3.org/2001/XMLSchema-instance" xsi:schemaLocation="http://www.openarchives.org/OAI/2.0/ http://www.openarchives.org/OAI/2.0/OAI-PMH.xsd"><responseDate>2026-04-17T06:13:31Z</responseDate><request verb="GetRecord" identifier="oai:gredos.usal.es:10366/76812" metadataPrefix="marc">https://gredos.usal.es/oai/request</request><GetRecord><record><header><identifier>oai:gredos.usal.es:10366/76812</identifier><datestamp>2025-06-05T12:40:28Z</datestamp><setSpec>com_10366_153426</setSpec><setSpec>com_10366_3942</setSpec><setSpec>com_10366_3823</setSpec><setSpec>col_10366_153432</setSpec></header><metadata><record xmlns="http://www.loc.gov/MARC21/slim" xmlns:doc="http://www.lyncode.com/xoai" xmlns:xsi="http://www.w3.org/2001/XMLSchema-instance" xmlns:dcterms="http://purl.org/dc/terms/" xsi:schemaLocation="http://www.loc.gov/MARC21/slim http://www.loc.gov/standards/marcxml/schema/MARC21slim.xsd">
<leader>00925njm 22002777a 4500</leader>
<datafield tag="042" ind1=" " ind2=" ">
<subfield code="a">dc</subfield>
</datafield>
<datafield tag="720" ind1=" " ind2=" ">
<subfield code="a">Rodríguez Bravo, Blanca</subfield>
<subfield code="e">author</subfield>
</datafield>
<datafield tag="260" ind1=" " ind2=" ">
<subfield code="c">2010-09-17</subfield>
</datafield>
<datafield tag="024" ind2=" " ind1="8">
<subfield code="a">http://hdl.handle.net/10366/76812</subfield>
</datafield>
<datafield ind1=" " ind2=" " tag="653">
<subfield code="a">Congresos y conferencias</subfield>
</datafield>
<datafield ind1=" " ind2=" " tag="653">
<subfield code="a">Congresses and convections</subfield>
</datafield>
<datafield ind1=" " ind2=" " tag="653">
<subfield code="a">Bibliotecas universitarias</subfield>
</datafield>
<datafield ind1=" " ind2=" " tag="653">
<subfield code="a">Academic libraries</subfield>
</datafield>
<datafield ind1=" " ind2=" " tag="653">
<subfield code="a">CRAI</subfield>
</datafield>
<datafield ind1=" " ind2=" " tag="653">
<subfield code="a">Centro de recursos aprendizaje investigación</subfield>
</datafield>
<datafield tag="245" ind1="0" ind2="0">
<subfield code="a">Cambio tecnológico, reforma educativa e innovación en bibliotecas: mesa redonda</subfield>
</datafield>
</record></metadata></record></GetRecord></OAI-PMH>